Southville International School and Colleges
Your cart is empty.
  • Cart
  • Lists
    Public lists Eva Luna New books Lux_list list_1
    Your lists Log in to create your own lists
  • Log in to your account
  • Your cookies
  • Search history
Southville International School and Colleges
  • Advanced search
  • Recent comments
  • Most popular
  • Libraries

Log in to your account

Log in with GOOGLE


If you do not have an external account, but do have a local account, you can still log in:

  1. Home
  2. MARC view: Lakbay sining :
Normal view MARC view ISBD view

Lakbay sining : (Record no. 276929)

[ view plain ]
MARC details
000 -LEADER
fixed length control field 01315cam a22002774a 4500
001 - CONTROL NUMBER
control field 14983112
005 - DATE AND TIME OF LATEST TRANSACTION
control field 20141211104007.0
008 - FIXED-LENGTH DATA ELEMENTS--GENERAL INFORMATION
fixed length control field 070828s2007 ph ab f000 0 eng
010 ## - LIBRARY OF CONGRESS CONTROL NUMBER
LC control number 2006425182
020 ## - INTERNATIONAL STANDARD BOOK NUMBER
International Standard Book Number 9789712718526
040 ## - CATALOGING SOURCE
Original cataloging agency DLC
Transcribing agency DLC
Modifying agency DLC
042 ## - AUTHENTICATION CODE
Authentication code lcode
043 ## - GEOGRAPHIC AREA CODE
Geographic area code a-ph---
050 00 - LIBRARY OF CONGRESS CALL NUMBER
Classification number NX 750.P6
Item number .L34 2007
245 00 - TITLE STATEMENT
Title Lakbay sining :
Remainder of title readings on cultural development in the Philippines /
260 ## - PUBLICATION, DISTRIBUTION, ETC. (IMPRINT)
Place of publication, distribution, etc [Manila] :
Name of publisher, distributor, etc Cultural Center of the Philippines and Anvil Pub. ;
Place of publication, distribution, etc Pasig City, Philippines :
Name of publisher, distributor, etc Exclusively distributed by Anvil Pub.,
Date of publication, distribution, etc 2007.
300 ## - PHYSICAL DESCRIPTION
Extent 228 pages :
Other physical details illustration, map ;
Dimensions 26 cm.
505 0# - FORMATTED CONTENTS NOTE
Formatted contents note National and regional cultural development in the Philippines -- Theaters as a powerful tool in community development -- Local arts councils and community cultural organizations -- Writing and performing the stories of our times -- Artists and cultural workers on the road -- Insights on Pilak, the silver year of CCP's outreach and exchange program.
650 #0 - SUBJECT ADDED ENTRY--TOPICAL TERM
Topical term or geographic name as entry element Performing arts
Geographic subdivision Philippines.
651 #0 - SUBJECT ADDED ENTRY--GEOGRAPHIC NAME
Geographic name Philippines
General subdivision Cultural policy.
710 2# - ADDED ENTRY--CORPORATE NAME
Corporate name or jurisdiction name as entry element Cultural Center of the Philippines.
710 2# - ADDED ENTRY--CORPORATE NAME
Corporate name or jurisdiction name as entry element Anvil Publishing, Inc.
906 ## - LOCAL DATA ELEMENT F, LDF (RLIN)
a 7
b cbc
c origode
d 3
e ncip
f 20
g y-gencatlg
942 ## - ADDED ENTRY ELEMENTS (KOHA)
Source of classification or shelving scheme Library of Congress Classification
Koha item type Books
Call number prefix Filipininana
Holdings
Withdrawn status Lost status Source of classification or shelving scheme Damaged status Home library Current library Shelving location Date acquired Source of acquisition Sub Shelving location Total Checkouts Full call number Barcode Date last seen Price effective from Koha item type
    Library of Congress Classification   College Library College Library Filipiniana Section 12/11/2014 Library Fund     NX 750.P6 .L34 2007 C19005 05/08/2018 12/11/2014 Books

Lakbay sining :

APA

Cultural Center of the Philippines, Anvil Publishing I., . (2007). Lakbay sining. [Manila]: Cultural Center of the Philippines and Anvil Pub.

Chicago

Cultural Center of the Philippines, Anvil Publishing Inc, . 2007. Lakbay sining. [Manila]: Cultural Center of the Philippines and Anvil Pub.

Harvard

Cultural Center of the Philippines, Anvil Publishing I., . (2007). Lakbay sining. [Manila]: Cultural Center of the Philippines and Anvil Pub.

MLA

Cultural Center of the Philippines, Anvil Publishing Inc, . Lakbay sining. [Manila]: Cultural Center of the Philippines and Anvil Pub. 2007.

  • Place hold
  • Print
  • Cite
  • Add to your cart (remove)
  • Save record
    BIBTEX Dublin Core MARCXML MARC (non-Unicode/MARC-8) MARC (Unicode/UTF-8) MARC (Unicode/UTF-8, Standard) MODS (XML) RIS
  • More searches
    Search for this title in:
    Other Libraries (WorldCat) Other Databases (Google Scholar) Online Stores (Bookfinder.com) Open Library (openlibrary.org)

Exporting to Dublin Core...

SOUTHVILLE LIBRARY

Southville International School and Colleges Library

1281 Tropical Ave. Cor. Luxembourg St., BF Homes International, Las Pinas City

Tel. No. 8256374 / 252358 Loc. 117/146

Powered by Koha